[Event "Brno /Olexa/"]
[Site "?"]
[Date "2012.12.26"]
[Round "2"]
[White "Kopecek, Ivan"]
[Black "Horak, Jiri"]
[Result "0-1"]
[WhiteElo "1951"]
[BlackElo "2209"]
[PlyCount "85"]
[EventDate "2012.??.??"]

1. e4 e5 2. Nf3 Nc6 3. Bc4 Bc5 4. O-O Nf6 5. d3 d6 6. c3 a6 7. a4 O-O 8. d4 Bb6
9. Re1 Bg4 10. d5 Ne7 11. h3 Bh5 12. Bg5 Nd7 13. Nbd2 h6 14. Bh4 g5 15. Bg3 f5
16. exf5 Nxf5 17. Ne4 Nf6 18. Bh2 Nh4 19. Qd3 Nxe4 20. Qxe4 Rxf3 21. gxf3 Nxf3+
22. Kg2 Qf6 23. Bg3 Nd2 24. Qd3 Qf3+ 25. Kh2 Bxf2 26. Qxf3 Nxf3+ 27. Kg2 Bxe1
28. Bxe1 Nxe1+ 29. Rxe1 Rf8 30. Bd3 Bf3+ 31. Kg3 Bxd5 32. Re3 Rf4 33. a5 Kg7
34. b4 e4 35. Be2 Be6 36. c4 c6 37. Rc3 Kf6 38. b5 cxb5 39. cxb5 axb5 40. Rc7
Bd5 41. Rd7 Ke5 42. Bxb5 Rf3+ 43. Kg2 0-1

[Event "Brno /Olexa/"]
[Site "?"]
[Date "2012.12.26"]
[Round "2"]
[White "Kosina, Vladimir"]
[Black "Cip, Dalibor"]
[Result "1/2-1/2"]
[WhiteElo "1808"]
[BlackElo "2108"]
[PlyCount "90"]
[EventDate "2012.??.??"]

1. d4 Nf6 2. c4 g6 3. Nc3 Bg7 4. e4 d6 5. Be2 O-O 6. Be3 Nbd7 7. Qd2 e5 8.
O-O-O Re8 9. f3 c6 10. g4 Qa5 11. Kb1 a6 12. h4 h5 13. g5 Nh7 14. d5 c5 15. Bd3
Rb8 16. Nge2 b5 17. cxb5 axb5 18. Nxb5 Qb6 19. Rc1 Ba6 20. a4 Ra8 21. Rc2 Bf8
22. b3 Be7 23. Rhc1 Rf8 24. Ng3 Bxb5 25. Bxb5 Ra7 26. Ra2 Nb8 27. Rcc2 Na6 28.
Rcb2 Qd8 29. b4 f6 30. Bxa6 Rxa6 31. b5 Ra5 32. f4 Qa8 33. Qc2 exf4 34. e5 fxg5
35. Qxg6+ Kh8 36. Nxh5 Rg8 37. Qe6 fxe3 38. exd6 Bxd6 39. Qxd6 Qe8 40. Qxc5
Qxh5 41. Qc3+ Rg7 42. Qc8+ Rg8 43. Qc3+ Rg7 44. Qc8+ Rg8 45. Qc3+ Rg7 1/2-1/2

[Event "Brno /Olexa/"]
[Site "?"]
[Date "2012.12.26"]
[Round "2"]
[White "Dvorak, Adam"]
[Black "Kucera, Petr"]
[Result "1-0"]
[WhiteElo "2030"]
[BlackElo "1968"]
[PlyCount "69"]
[EventDate "2012.??.??"]

1. d4 Nf6 2. c4 e6 3. Nc3 Bb4 4. e3 O-O 5. Bd3 d5 6. Nge2 Nc6 7. a3 Bd6 8. O-O
Re8 9. b4 dxc4 10. Bxc4 e5 11. d5 Ne7 12. e4 Ng6 13. f3 a6 14. Be3 Nh5 15. Qd2
f5 16. exf5 Ngf4 17. g4 Nh3+ 18. Kg2 N5f4+ 19. Bxf4 Nxf4+ 20. Nxf4 exf4 21.
Rae1 Rf8 22. Ne4 Be5 23. Nc5 Bd6 24. Re4 Qg5 25. Kh1 a5 26. Rfe1 axb4 27. axb4
b6 28. Re8 bxc5 29. bxc5 Rxe8 30. Rxe8+ Kf7 31. Re1 Bd7 32. cxd6 cxd6 33. Qb4
Qf6 34. Qb7 Qd8 35. Bb5 1-0

[Event "Brno /Olexa/"]
[Site "?"]
[Date "2012.12.26"]
[Round "2"]
[White "Smutny, Vladimir"]
[Black "Spodny, Josef"]
[Result "0-1"]
[WhiteElo "1617"]
[BlackElo "2011"]
[PlyCount "84"]
[EventDate "2012.??.??"]

1. d4 Nf6 2. c4 e6 3. Nc3 Bb4 4. Bg5 h6 5. Bxf6 Bxc3+ 6. bxc3 Qxf6 7. Nf3 d6 8.
e3 O-O 9. Bd3 Nc6 10. Qc2 e5 11. d5 Ne7 12. O-O Bf5 13. Bxf5 Qxf5 14. Qxf5 Nxf5
15. e4 Ne7 16. Nd2 b6 17. f4 exf4 18. Rxf4 Ng6 19. Rf2 {(R)} Ne5 20. a4 a5 21.
h3 Rae8 22. Kh2 Re7 23. g4 Rfe8 24. Kg3 Rc8 25. Rb1 Nd7 26. Re2 Rce8 27. Kf3
Ne5+ 28. Kg3 g6 29. Rf1 Nd3 30. h4 Nc5 31. Kf3 Nxa4 32. Re3 Nc5 33. Ra1 f5 34.
gxf5 gxf5 35. Rg1+ Kh7 36. Re2 Nxe4 37. Nxe4 Rxe4 38. Reg2 R8e7 39. h5 Rxc4 40.
Rg6 Rxc3+ 41. Kf4 Rc4+ 42. Kxf5 Re5+ 0-1

[Event "Brno /Olexa/"]
[Site "?"]
[Date "2012.12.26"]
[Round "2"]
[White "Zeman, Arnost"]
[Black "Zikan, Karel"]
[Result "1-0"]
[WhiteElo "1988"]
[BlackElo "1813"]
[PlyCount "77"]
[EventDate "2012.??.??"]

1. Nf3 Nf6 2. d4 e6 3. Nbd2 d5 4. e3 c5 5. c3 cxd4 6. exd4 Be7 7. Bd3 O-O 8.
Ne5 Nc6 9. f4 Nd7 10. O-O f5 11. g4 Nf6 12. g5 Ne4 13. Ndf3 Nxe5 14. Nxe5 g6
15. h4 Bd6 16. Rf3 Bxe5 17. fxe5 Bd7 18. Qe2 a6 19. Bf4 Qa5 20. Qe1 b5 21. a3
Qb6 22. Rh3 Kg7 23. h5 Rh8 24. Qh4 a5 25. Kg2 Rac8 26. Rah1 Qb8 27. Qe1 Qb6 28.
hxg6 hxg6 29. Rh6 Rxh6 30. Rxh6 Qd8 31. Qh4 Qg8 32. Be2 b4 33. axb4 axb4 34.
Bd2 Nxd2 35. Rxg6+ Kxg6 36. Qh6+ Kf7 37. Qf6+ Ke8 38. Bh5+ Qf7 39. Bxf7+ 1-0

[Event "Brno /Olexa/"]
[Site "?"]
[Date "2012.12.26"]
[Round "2"]
[White "Kredl, Karel"]
[Black "Pesl, Jan"]
[Result "1-0"]
[WhiteElo "2133"]
[BlackElo "1791"]
[PlyCount "71"]
[EventDate "2012.??.??"]

1. Nf3 Nf6 2. g3 g6 3. b3 c5 4. c4 Nc6 5. Bb2 Bg7 6. Bg2 O-O 7. O-O d6 8. d4
cxd4 9. Nxd4 Bd7 10. Nc3 Nxd4 11. Qxd4 Bc6 12. Nd5 Ne8 13. Qd2 e6 14. Bxg7 Nxg7
15. Ne3 Bxg2 16. Kxg2 Qb6 17. Rfd1 Rfd8 18. Qb2 Qc6+ 19. Kg1 Rac8 20. Ng4 h5
21. Nf6+ Kf8 22. Nh7+ Kg8 23. Nf6+ Kf8 {(R)} 24. Qd2 Nf5 25. e4 Kg7 26. Nxh5+
gxh5 27. Qg5+ Kf8 28. exf5 exf5 29. Rd5 Qe8 30. Qh6+ Kg8 31. Rxf5 Rc5 32. Rg5+
Rxg5 33. Qxg5+ Kf8 34. Qh6+ Kg8 35. Qxh5 Qe4 36. Qg5+ 1-0

[Event "Brno /Olexa/"]
[Site "?"]
[Date "2012.12.26"]
[Round "2"]
[White "Binder, Jaroslav"]
[Black "Horak, Ales"]
[Result "1/2-1/2"]
[WhiteElo "1884"]
[BlackElo "1729"]
[PlyCount "81"]
[EventDate "2012.??.??"]

1. e4 c5 2. Ne2 Nc6 3. d3 e6 4. g3 d5 5. Bg2 Nf6 6. exd5 exd5 7. Nbc3 Be7 8.
O-O O-O 9. Bg5 Be6 10. d4 cxd4 11. Nxd4 Nxd4 12. Qxd4 h6 13. Bf4 Qd7 14. Rad1
Rfd8 15. Rfe1 b6 16. Qd2 Rac8 17. Be5 Ng4 18. Bd4 Bf6 19. Ne2 Qa4 20. c3 Ne5
21. Qf4 Ng6 22. Qd2 Be7 23. h4 Bc5 24. b3 Qd7 25. h5 Ne7 26. Nf4 Bxd4 27. Qxd4
Nc6 28. Qd3 d4 29. Bxc6 Rxc6 30. Nxe6 Rxe6 31. Rxe6 Qxe6 32. cxd4 Qg4 33. Re1
Qxh5 34. Re7 a5 35. d5 Qg5 36. Qe4 Kf8 37. Re5 Qf6 38. Qe3 Qd6 39. Kh2 Qf6 40.
f4 Qg6 41. Qe2 {(R)} 1/2-1/2

[Event "Brno /Olexa/"]
[Site "?"]
[Date "2012.12.26"]
[Round "2"]
[White "Doskar, Miloslav"]
[Black "Hala, Pavel"]
[Result "0-1"]
[WhiteElo "1752"]
[BlackElo "1571"]
[PlyCount "120"]
[EventDate "2012.??.??"]

1. d4 d5 2. c4 c6 3. Nf3 h6 4. e3 Nf6 5. Nc3 e6 6. Bd3 Bd6 7. O-O Nbd7 8. Qc2
O-O 9. h3 e5 10. cxd5 cxd5 11. dxe5 Nxe5 12. Be2 Be6 13. Nxe5 Bxe5 14. f4 Bxc3
15. bxc3 Qe7 16. a4 Rfc8 17. Bd3 Qc5 18. Bd2 b6 19. f5 Bd7 20. Rf4 Qe7 21. g4
Nh7 22. Kh2 f6 23. h4 Qe5 24. Kg2 Bc6 25. Rd4 Bb7 26. Qb3 Kh8 27. a5 Qc7 28. a6
Bc6 29. Be1 Qe5 30. Bf2 Re8 31. Re1 Qc7 32. Be2 Rac8 33. Bg3 Qf7 34. Bf3 Qg8
35. Kf2 Ba8 36. Red1 Rc5 37. Bxd5 Bxd5 38. Rxd5 Nf8 39. c4 Rcc8 40. Qb4 Kh7 41.
Kf3 Qf7 42. R1d4 h5 43. Bd6 Nd7 44. g5 fxg5 45. hxg5 g6 46. e4 Kg8 47. Bf4 Nc5
48. Qb1 Re7 49. Bd6 Rd7 50. Bxc5 Rxd5 51. Rxd5 bxc5 52. Qb5 gxf5 53. Rxf5 Qg7
54. e5 Qg6 55. Qd7 Rb8 56. Qd5+ Kh8 57. Kf4 h4 58. Rf6 Qg8 59. Rh6+ Kg7 60.
Qd7+ Qf7+ 0-1

[Event "Brno /Olexa/"]
[Site "?"]
[Date "2012.12.26"]
[Round "2"]
[White "Richterova, Julie"]
[Black "Vitula, Jan"]
[Result "0-1"]
[WhiteElo "1480"]
[BlackElo "1892"]
[PlyCount "86"]
[EventDate "2012.??.??"]

1. d4 Nf6 2. c4 g6 3. Nf3 Bg7 4. Bf4 d6 5. e3 Nbd7 6. Nc3 c6 7. Bd3 a6 8. O-O
O-O 9. Rc1 b5 10. b3 b4 11. Ne4 c5 12. Nxf6+ Bxf6 13. Nd2 cxd4 14. exd4 Bxd4
15. Be4 Ra7 16. Nf3 Bg7 17. Be3 Rc7 18. Bd4 Bb7 19. Re1 Nc5 20. Bxb7 Rxb7 21.
Bxg7 Kxg7 22. Qe2 Qb6 23. Qd2 Rd7 24. Re2 Ne6 25. Rce1 Rfd8 26. Ng5 Nxg5 27.
Qxg5 e6 28. Re3 Qc5 29. Qf4 d5 30. cxd5 Rxd5 31. Rf3 Rf5 32. Qe4 Rxf3 33. Qxf3
Rd2 34. Ra1 Rxa2 35. Rd1 Qc3 36. Qxc3+ bxc3 37. h3 Rb2 38. Rc1 c2 39. Kh2 Kf6
40. f3 Ke5 41. Kg3 Kd4 42. Kf2 Kd3 43. Kg3 Rb1 0-1

[Event "Brno /Olexa/"]
[Site "?"]
[Date "2012.12.26"]
[Round "2"]
[White "Brhlik, Antonin"]
[Black "Koci, Tereza"]
[Result "1-0"]
[WhiteElo "1887"]
[BlackElo "1336"]
[PlyCount "39"]
[EventDate "2012.??.??"]

1. e4 c5 2. Nf3 e6 3. d4 cxd4 4. Nxd4 a6 5. Bd3 Qc7 6. O-O Nf6 7. Be3 Be7 8. c4
d6 9. Nc3 Nbd7 10. f4 b6 11. g4 Nc5 12. g5 Nfd7 13. Bc2 Bb7 14. b4 e5 15. Nf5
Ne6 16. Nd5 Bxd5 17. Qxd5 Rc8 18. Ba4 Qxc4 19. Rac1 Qxd5 20. Rxc8+ 1-0

[Event "Brno /Olexa/"]
[Site "?"]
[Date "2012.12.26"]
[Round "2"]
[White "Hrdlicka, Vladan"]
[Black "Hlousek, Dusan"]
[Result "1-0"]
[WhiteElo "1512"]
[BlackElo "1621"]
[PlyCount "81"]
[EventDate "2012.??.??"]

1. e4 e5 2. Nf3 Nc6 3. Bc4 Nd4 4. Nxe5 Qg5 5. Bxf7+ Ke7 6. O-O Qxe5 7. Bxg8
Rxg8 8. c3 Ne6 9. d4 Qf6 10. d5 Ng5 11. d6+ cxd6 12. Qd5 Nf7 13. Nd2 Qe5 14.
Qb3 a6 15. Nf3 Qb5 16. Qc2 h6 17. Re1 Kd8 18. Nd4 Qh5 19. Qb3 g5 20. Qd5 Qg6
21. Be3 Bg7 22. Nf5 Qe6 23. Qa5+ Ke8 24. Rad1 Be5 25. Bd4 Rg6 26. Ne3 Kf8 27.
Nd5 Bxd4 28. cxd4 Qe8 29. Nc7 Qd8 30. Rc1 Rb8 31. Qf5 Qf6 32. Qd5 b6 33. e5
dxe5 34. dxe5 Bb7 35. exf6 Bxd5 36. Nxd5 Re8 37. Rxe8+ Kxe8 38. Rc8+ Nd8 39.
Nc7+ Kf7 40. Rxd8 Kxf6 41. Rxd7 1-0

[Event "Brno /Olexa/"]
[Site "?"]
[Date "2012.12.26"]
[Round "2"]
[White "Martirosyan, Ara"]
[Black "Bartosova, Veronika"]
[Result "1-0"]
[WhiteElo "1596"]
[BlackElo "1376"]
[PlyCount "43"]
[EventDate "2012.??.??"]

1. e4 e5 2. Nf3 Nc6 3. Bb5 Nf6 4. O-O d5 5. Nxe5 Qd6 6. exd5 Qxd5 7. Bxc6+ bxc6
8. Re1 Be7 9. Nc3 Qd4 10. Nxc6 Qc5 11. Nxe7 Kd8 12. d4 Qd6 13. Nxc8 Kxc8 14.
Bg5 Rd8 15. Ne4 Qb6 16. Nxf6 gxf6 17. Qg4+ Kb7 18. Be3 Qc6 19. Qf3 Rd5 20. c4
Qxc4 21. Rec1 Qb5 22. Rc5 1-0

[Event "Brno /Olexa/"]
[Site "?"]
[Date "2012.12.26"]
[Round "2"]
[White "Koci, Tomas"]
[Black "Glacner, Karel"]
[Result "0-1"]
[WhiteElo "1250"]
[BlackElo "1590"]
[PlyCount "58"]
[EventDate "2012.??.??"]

1. e4 e5 2. f4 exf4 3. Nf3 Ne7 4. Bc4 d5 5. exd5 Nxd5 6. O-O Bc5+ 7. d4 Nb6 8.
Re1+ Be7 9. Qe2 Nxc4 10. Qxc4 Be6 11. Qb5+ Bd7 12. Qxb7 Bc6 13. Qb4 Na6 14. Qc4
Bxf3 15. gxf3 Qd6 16. Bxf4 Qf6 17. Qb5+ Kf8 18. Bg3 Rb8 19. Qd7 Rd8 20. Qa4
Rxd4 21. c4 Rd3 22. Nc3 Bc5+ 23. Bf2 Bxf2+ 24. Kxf2 Rxf3+ 25. Kg2 Rf2+ 26. Kg1
g6 27. Re8+ Kg7 28. Rxh8 Rxb2 29. Rf1 Qg5+ 0-1

[Event "Brno /Olexa/"]
[Site "?"]
[Date "2012.12.26"]
[Round "3"]
[White "Horak, Jiri"]
[Black "Zeman, Arnost"]
[Result "1-0"]
[WhiteElo "2209"]
[BlackElo "1988"]
[PlyCount "141"]
[EventDate "2012.??.??"]

1. e4 c5 2. c3 g6 3. d4 cxd4 4. cxd4 Bg7 5. Nc3 d6 6. Bc4 Nf6 7. Nge2 O-O 8.
O-O Nxe4 9. Nxe4 d5 10. Bd3 dxe4 {(R)} 11. Bxe4 Nc6 12. d5 Ne5 13. Be3 Nc4 14.
Bd4 Bh6 15. Bc3 Nd6 16. Qd4 f6 17. Bd3 Bd7 18. a4 Bf5 {(R)} 19. Rad1 Bd7 20.
Rfe1 Qe8 21. b3 Qf7 22. Nf4 Bxf4 23. Qxf4 Rfd8 24. Bb4 Rac8 25. Qe3 Bf5 26.
Qxa7 Bxd3 27. Rxd3 Nf5 28. Qa5 h5 29. h3 Rd7 30. Qb5 Rdc7 {(R)} 31. g3 Nd6 32.
Bxd6 exd6 33. Re6 Rc5 34. Qb4 Rxd5 {(R)} 35. Rxd6 Rxd3 36. Rxd3 Qe6 37. Kg2
Qc6+ 38. Kh2 Kf7 39. Qf4 Re8 40. Rd6 Qc3 41. Rd7+ Re7 42. Rxe7+ Kxe7 43. Qe4+
Kd6 44. Qxb7 h4 45. Qb8+ Kd5 46. gxh4 Qb2 47. Qg3 Kc5 48. Kg2 Qb1 49. Qc3+ Kd5
50. Qxf6 Kc5 51. Qg5+ Kb4 52. Qf4+ Ka3 53. a5 Qc2 54. b4 Ka4 55. Kh2 Qc6 56.
Kg3 Qe6 57. Qd4 Qe1 58. a6 Qg1+ 59. Kf4 Qh2+ 60. Kg5 Qxh3 61. Kxg6 Qe6+ 62. Kg5
Qg8+ 63. Kf4 Qf7+ 64. Kg3 Qg6+ 65. Kh2 Qf7 66. a7 Qc7+ 67. Kh3 Qc8+ 68. Kg3
Qg8+ 69. Kh2 Qa8 70. h5 Qf3 71. a8=Q+ 1-0

[Event "Brno /Olexa/"]
[Site "?"]
[Date "2012.12.26"]
[Round "3"]
[White "Cip, Dalibor"]
[Black "Kredl, Karel"]
[Result "1/2-1/2"]
[WhiteElo "2108"]
[BlackElo "2133"]
[PlyCount "34"]
[EventDate "2012.??.??"]

1. d4 Nf6 2. c4 e6 3. Nc3 Bb4 4. a3 Bxc3+ 5. bxc3 c5 6. e3 O-O 7. Bd3 d6 8. Ne2
Nc6 9. O-O e5 10. d5 Ne7 11. Ng3 Ng6 12. Ra2 Re8 13. f3 Bd7 14. Raf2 Qc7 15.
Qc2 b5 16. e4 bxc4 17. Bxc4 h6 {(R)} 1/2-1/2

[Event "Brno /Olexa/"]
[Site "?"]
[Date "2012.12.26"]
[Round "3"]
[White "Hala, Pavel"]
[Black "Kosina, Vladimir"]
[Result "0-1"]
[WhiteElo "1571"]
[BlackElo "1808"]
[PlyCount "138"]
[EventDate "2012.??.??"]

1. d4 Nf6 2. Nc3 d5 3. e3 c6 4. Bd3 g6 5. h3 Bg7 6. Nf3 Nbd7 7. b3 O-O 8. O-O
Re8 9. Bb2 b5 10. Nd2 a5 11. a3 e5 12. Re1 e4 13. Bf1 Qe7 14. Ne2 Bh6 15. Ng3
Nf8 16. c4 bxc4 17. bxc4 a4 18. c5 Ne6 19. Bc3 Nd7 20. Bb4 f5 21. Ne2 f4 22.
exf4 Bxf4 23. g3 Bh6 24. Nb1 Bg7 25. Bc3 Ng5 26. Bg2 Nf6 27. g4 Qf7 28. Ng3 Bd7
29. Nd2 Ne6 30. Ndf1 Reb8 31. Rb1 Ne8 32. Ne2 N8c7 33. Rxb8+ Rxb8 34. Qxa4 Rf8
35. Nfg3 Qxf2+ 36. Kh2 {(R)} Qe3 37. Qb4 Nb5 38. Rf1 Nxc3 39. Rxf8+ Nxf8 40.
Qxc3 Qxc3 41. Nxc3 Bxd4 42. Na4 Ne6 43. Ne2 Bxc5 44. Nxc5 Nxc5 45. Nc3 Kf7 46.
a4 Bc8 47. Kg3 g5 48. Kf2 Ke6 49. Bf1 Ke5 50. a5 Ba6 51. Be2 Bxe2 52. Kxe2 d4
53. Nd1 Na6 54. Nb2 Kd5 55. Kd2 Kc5 56. Na4+ Kb4 57. Nb6 Nc5 58. Nc8 Kxa5 59.
Ne7 Kb5 60. Nf5 Kc4 61. Nd6+ Kd5 62. Nf7 Ne6 63. Nh6 c5 64. Nf5 c4 65. Ne7+ Ke5
66. Nf5 c3+ 67. Kc2 h5 68. Ng3 hxg4 69. hxg4 Kf4 0-1

[Event "Brno /Olexa/"]
[Site "?"]
[Date "2012.12.26"]
[Round "3"]
[White "Kucera, Petr"]
[Black "Brhlik, Antonin"]
[Result "1-0"]
[WhiteElo "1968"]
[BlackElo "1687"]
[PlyCount "137"]
[EventDate "2012.??.??"]

1. e4 c5 2. Nf3 Nc6 3. Bb5 Qc7 4. Nc3 e6 5. O-O Nf6 6. Re1 Be7 7. e5 Nd5 8.
Nxd5 exd5 9. d4 c4 10. c3 O-O 11. Ba4 d6 12. exd6 Bxd6 13. Bc2 Bg4 14. Bxh7+
Kh8 15. Bb1 Rae8 16. Be3 Bxh2+ 17. Kf1 Bf4 18. Qd2 Bxe3 19. Rxe3 Qd6 20. Kg1
Qf6 21. Nh2 Bd7 22. Bc2 Rxe3 23. Qxe3 Re8 24. Qd2 Kg8 25. Nf1 Bf5 26. Ne3 Bxc2
27. Qxc2 Qg5 28. Qe2 Re6 29. Qf3 Ne7 30. g3 Rf6 31. Qg2 Qh5 32. Re1 Re6 33. g4
Qg5 34. Qg3 Nc6 35. f4 Qe7 36. Kf2 Qe8 37. f5 Re4 38. Qd6 Ne7 39. f6 Ng6 40.
Qxd5 Rf4+ 41. Kg1 Rxg4+ 42. Kf2 Rf4+ 43. Ke2 Rxf6 44. Kd1 Re6 45. Kd2 b5 46.
Qg5 a5 47. a3 Re4 48. Rg1 Rf4 49. Rg2 Qe4 50. Re2 Qb1 51. Qxb5 Qd3+ 52. Ke1 Re4
53. Qb8+ Nf8 54. Kf2 Re6 55. d5 Rf6+ 56. Ke1 Rh6 57. Qf4 Rf6 58. Qxc4 Qb1+ 59.
Nd1 Qf5 60. Qe4 Qxe4 61. Rxe4 Nd7 62. b4 axb4 63. axb4 Kf8 64. c4 Rh6 65. c5
Rh3 66. c6 Nb6 67. d6 Rd3 68. d7 f5 69. Re8+ 1-0

[Event "Brno /Olexa/"]
[Site "?"]
[Date "2012.12.26"]
[Round "3"]
[White "Horak, Ales"]
[Black "Kopecek, Ivan"]
[Result "1-0"]
[WhiteElo "1729"]
[BlackElo "1951"]
[PlyCount "124"]
[EventDate "2012.??.??"]

1. e4 e5 2. Nf3 Nc6 3. d4 exd4 4. c3 d5 5. exd5 Qxd5 6. cxd4 Bg4 7. Be2 O-O-O
8. Nc3 Qd7 9. Be3 Nf6 10. O-O Bxf3 11. Bxf3 Nxd4 12. Bxd4 Qxd4 13. Qb3 Qb6 14.
Qxf7 Bd6 15. Qxg7 Rhg8 16. Qh6 Kb8 17. Ne4 Nxe4 18. Bxe4 Rd7 19. Rae1 a6 20.
Re3 Qd4 21. Bf3 Bf4 22. Qe6 Rg6 23. Qe4 Qxe4 24. Rxe4 Bd6 25. Rfe1 Ka7 26. g3
Rf6 27. Kg2 Rdf7 28. R1e3 Bc5 29. Rb3 c6 30. Rd3 b5 31. a3 Bb6 32. a4 Rf5 33.
axb5 Rxb5 34. Re2 Rbf5 35. Rc2 c5 36. Rc4 a5 37. Re4 R5f6 38. Re8 Ka6 39. Rb3
c4 40. Ra8+ Ra7 41. Rxa7+ Kxa7 42. Rb5 Ka6 43. Rh5 Rd6 44. Be2 Rd4 45. b3 a4
46. bxa4 Kb7 47. Rxh7+ Kc6 48. Rh6+ Kc5 49. Rh5+ Kc6 50. Rh4 Rxh4 51. gxh4 c3
52. Bd1 Kd5 53. Kf3 Ke5 54. Bc2 Bd8 55. Kg4 Kf6 56. h5 Kg7 57. f4 Kh6 58. f5
Kg7 59. Kf3 Kh6 60. Ke3 Kxh5 61. Kd3 Bc7 62. Kxc3 Bxh2 1-0

[Event "Brno /Olexa/"]
[Site "?"]
[Date "2012.12.26"]
[Round "3"]
[White "Vitula, Jan"]
[Black "Martirosyan, Ara"]
[Result "1-0"]
[WhiteElo "1892"]
[BlackElo "1596"]
[PlyCount "41"]
[EventDate "2012.??.??"]

1. e4 g6 2. d4 c6 3. Nf3 Bg7 4. c4 d5 5. cxd5 cxd5 6. e5 Bf5 7. Nc3 Nc6 8. Qb3
Qd7 9. Be3 Be6 10. Rc1 Nh6 11. Na4 b6 12. Rxc6 Qxc6 13. Bb5 Bd7 14. Bxc6 Bxc6
15. Kd2 Nf5 16. Rc1 Rc8 17. Nc3 Nxe3 18. fxe3 e6 19. Nb5 Kd7 20. Nxa7 Rc7 21.
Qxb6 1-0

[Event "Brno /Olexa/"]
[Site "?"]
[Date "2012.12.26"]
[Round "3"]
[White "Glacner, Karel"]
[Black "Binder, Jaroslav"]
[Result "0-1"]
[WhiteElo "1590"]
[BlackElo "1884"]
[PlyCount "38"]
[EventDate "2012.??.??"]

1. Nc3 e5 2. Nf3 Nc6 3. d4 exd4 4. Nxd4 Nf6 5. Bg5 Nxd4 6. Qxd4 Be7 7. e3 O-O
8. Bf4 c6 9. Be2 d5 10. Be5 Bf5 11. O-O-O b5 12. g4 Be6 13. f4 c5 14. Qd2 b4
15. Nb5 Qa5 16. a4 Qxa4 17. Kb1 Ne4 18. Qe1 c4 19. Nc7 b3 0-1

[Event "Brno /Olexa/"]
[Site "?"]
[Date "2012.12.26"]
[Round "3"]
[White "Zikan, Karel"]
[Black "Smutny, Vladimir"]
[Result "1/2-1/2"]
[WhiteElo "1813"]
[BlackElo "1617"]
[PlyCount "86"]
[EventDate "2012.??.??"]

1. Nf3 d5 2. d4 Nf6 3. c4 g6 4. Nc3 Bg7 5. g3 O-O 6. cxd5 Nxd5 7. Bg2 Nxc3 8.
bxc3 c5 9. O-O Nc6 10. e3 Bg4 11. Bb2 cxd4 12. cxd4 e5 13. h3 Bxf3 14. Bxf3
exd4 15. Bxc6 bxc6 16. Bxd4 Bxd4 17. Qxd4 Qxd4 18. exd4 Rfd8 19. Rfc1 Rac8 20.
Rc4 Rd6 21. Kg2 Kg7 22. Rb1 Rc7 23. f4 Re7 24. Rb2 Rde6 25. Kf2 h6 26. Rbc2 Rb7
27. Kf3 Rb6 28. g4 f5 29. gxf5 gxf5 30. R2c3 a6 31. Rc5 Kf6 32. Re5 Rd6 33. Ke3
h5 34. Rcc5 Re6 35. Kd3 Rxe5 36. dxe5+ Ke6 37. Rc3 Kd5 38. Rb3 Rb5 39. Rxb5+
cxb5 40. Kc3 a5 41. a3 Kc5 {(R)} 42. Kd3 Kd5 43. Ke3 h4 1/2-1/2

[Event "Brno /Olexa/"]
[Site "?"]
[Date "2012.12.26"]
[Round "3"]
[White "Pesl, Jan"]
[Black "Hrdlicka, Vladan"]
[Result "1-0"]
[WhiteElo "1791"]
[BlackElo "1512"]
[PlyCount "97"]
[EventDate "2012.??.??"]

1. e4 c5 2. Nc3 e6 3. f4 Qh4+ 4. g3 Qd8 5. Nf3 Nc6 6. d4 cxd4 7. Nxd4 Qb6 8.
Nb3 a6 9. Qd3 Bb4 10. Be3 Qc7 11. a3 Be7 12. Be2 b5 13. O-O d6 14. Nd4 Nxd4 15.
Bxd4 Bf6 16. Bf3 Bb7 17. e5 dxe5 18. fxe5 Be7 19. Nxb5 axb5 20. Qxb5+ Kf8 21.
Qxb7 Qxb7 22. Bxb7 Rd8 23. Rad1 Nh6 24. Be4 Rxd4 25. Rxd4 Bc5 26. c3 Ke7 27. h3
f6 28. exf6+ gxf6 29. Kg2 Bxd4 30. cxd4 f5 31. Bc2 Rc8 32. Rf2 Nf7 33. d5 Nh6
34. Re2 Kd6 35. dxe6 Ke7 36. Bb3 Ng8 37. Kf3 Rd8 38. Bc2 Kf6 39. b4 Ne7 40. b5
Rc8 41. Bb3 Ng6 42. a4 Rc3+ 43. Re3 Ne5+ {(R)} 44. Ke2 Rc7 45. b6 Rb7 46. a5
Nc6 47. Bd5 Nd4+ 48. Kd3 Nxe6 49. Rxe6+ 1-0

[Event "Brno /Olexa/"]
[Site "?"]
[Date "2012.12.26"]
[Round "3"]
[White "Koci, Tereza"]
[Black "Doskar, Miloslav"]
[Result "1-0"]
[WhiteElo "1336"]
[BlackElo "1752"]
[PlyCount "51"]
[EventDate "2012.??.??"]

1. d4 Nf6 2. c4 e6 3. Nc3 Bb4 4. Qc2 O-O 5. Nf3 b6 6. Bg5 Be7 7. e4 h6 8. Bh4
Bb7 9. Be2 d6 10. O-O Nbd7 11. Rad1 Qc8 12. e5 dxe5 13. dxe5 Nd5 14. cxd5 Bxh4
15. Nxh4 Nxe5 16. Nb5 Bxd5 17. Nxc7 g5 18. Nf5 exf5 19. Rxd5 f6 20. Ba6 Qb8 21.
Rfd1 f4 22. Nxa8 Qxa8 23. Qc7 Nf7 24. Rd7 Qe4 25. Rxf7 Rxf7 26. Bc4 1-0

[Event "Brno /Olexa/"]
[Site "?"]
[Date "2012.12.26"]
[Round "3"]
[White "Hlousek, Dusan"]
[Black "Koci, Tomas"]
[Result "1-0"]
[WhiteElo "1621"]
[BlackElo "1250"]
[PlyCount "53"]
[EventDate "2012.??.??"]

1. e4 e5 2. Nf3 Nc6 3. d4 exd4 4. Nxd4 Bc5 5. Nxc6 bxc6 6. Bc4 Nf6 7. O-O O-O
8. Bg5 h6 9. Bh4 Be7 10. Re1 d5 11. exd5 cxd5 12. Bb3 c6 13. c3 Be6 14. f3 Nh5
15. Bf2 Bh4 16. g3 Qg5 17. Kh1 Bh3 18. Rg1 Bxg3 19. Bxg3 Nf4 20. Qd2 Qh5 21.
Qxf4 g5 22. Qe3 Rfe8 23. Qf2 Re7 24. Nd2 Rae8 25. Rae1 Rxe1 26. Rxe1 Rxe1+ 27.
Qxe1 1-0

[Event "Brno /Olexa/"]
[Site "?"]
[Date "2012.12.26"]
[Round "3"]
[White "Bartosova, Veronika"]
[Black "Richterova, Julie"]
[Result "0-1"]
[WhiteElo "1376"]
[BlackElo "1480"]
[PlyCount "68"]
[EventDate "2012.??.??"]

1. e4 Nf6 2. e5 Nd5 3. d4 d6 4. Nf3 Bg4 5. Be2 dxe5 6. dxe5 e6 7. Nc3 c6 8. h3
Bh5 9. O-O Be7 10. Be3 O-O 11. Qd4 Nd7 12. Nxd5 cxd5 13. Rae1 Rc8 14. c3 Bc5
15. Qf4 Qb6 16. b4 Bxe3 17. fxe3 Rxc3 18. Bd1 Rc4 19. Qg5 Bg6 20. Nh4 Qxb4 21.
Nxg6 hxg6 22. Bb3 Re4 23. Qg3 Nxe5 24. Bc2 Rc4 25. Bb1 Nd7 26. Kh1 Nf6 27. Re2
Qc5 28. Bd3 Rc1 29. Ref2 Rc3 30. Rd2 d4 31. exd4 Qxd4 32. Rf4 Qd6 33. Qf3 b6
34. Rh4 Rd8 0-1

[Event "Brno /Olexa/"]
[Site "?"]
[Date "2012.12.25"]
[Round "1"]
[White "Horak, Jiri"]
[Black "Doskar, Miloslav"]
[Result "1-0"]
[WhiteElo "2209"]
[BlackElo "1752"]
[PlyCount "95"]
[EventDate "2012.??.??"]

1. d4 Nf6 2. Nf3 e6 3. Bg5 Be7 4. e3 d5 5. c4 Nbd7 6. Nc3 Bb4 7. cxd5 exd5 8.
Bd3 h6 9. Bh4 g5 10. Bg3 Ne4 11. Bxe4 dxe4 12. Nd2 Bxc3 13. bxc3 Nf6 14. Be5
O-O 15. Bxf6 Qxf6 16. Nxe4 Qc6 17. d5 Qg6 18. Qd4 f5 19. Nd2 Re8 20. O-O b6 21.
Rfe1 Bb7 22. e4 Rad8 23. c4 c5 24. Qd3 f4 25. Qc3 g4 26. e5 Qg7 27. Rac1 b5 28.
Ne4 b4 29. Qb2 Kh8 30. Nf6 Rf8 31. Re4 Qg5 32. Qd2 a5 33. Qxf4 Qxf4 34. Rxf4 h5
35. Rf5 Kg7 36. Rg5+ Kh6 37. Rxh5+ Kg6 38. Rh4 Kf5 39. Nxg4 a4 40. e6 Rde8 41.
Ne3+ Kg5 42. Rh7 Bc8 43. Rc7 Rf4 44. Rxc5 Rd4 45. h4+ Rxh4 46. g3 Rh7 47. d6+
Kg6 48. d7 1-0

[Event "Brno /Olexa/"]
[Site "?"]
[Date "2012.12.25"]
[Round "1"]
[White "Horak, Ales"]
[Black "Kredl, Karel"]
[Result "1/2-1/2"]
[WhiteElo "1729"]
[BlackElo "2133"]
[PlyCount "101"]
[EventDate "2012.??.??"]

1. e4 c5 2. Nf3 d6 3. d4 cxd4 4. Nxd4 Nf6 5. Nc3 Nc6 6. Be2 e5 7. Nb3 Be6 8.
O-O Be7 9. f4 exf4 10. Bxf4 O-O 11. Kh1 d5 12. exd5 Nxd5 13. Nxd5 Bxd5 14. c3
Be6 15. Qc2 Rc8 16. Bd3 g6 17. Qe2 Qd7 18. Bh6 Rfe8 19. Rad1 Qc7 20. Qf2 Qb6
21. Be3 Qc7 22. Nd4 Nxd4 23. Bxd4 Bc5 24. a3 Red8 25. Bxc5 Qxc5 26. Qxc5 Rxc5
27. Be2 Rcd5 28. Rxd5 Rxd5 29. Rd1 {(R)} Rxd1+ 30. Bxd1 Kf8 31. Kg1 Ke7 32. Kf2
Kd6 33. Ke3 Ke5 34. Bc2 f5 35. g3 g5 36. Kf2 h6 37. Bd1 b6 38. Bc2 f4 39. b4
Bd5 40. Bd3 Be4 41. Bc4 Bc2 42. Bf7 Ba4 43. Bg6 fxg3+ 44. hxg3 Bb3 45. Bh7 Be6
46. Bc2 Bg4 47. Kg2 Kd5 48. Bd3 Ke5 49. Bc2 Be2 50. Kf2 Bg4 51. Kg2 1/2-1/2

[Event "Brno /Olexa/"]
[Site "?"]
[Date "2012.12.25"]
[Round "1"]
[White "Cip, Dalibor"]
[Black "Brhlik, Antonin"]
[Result "1-0"]
[WhiteElo "2108"]
[BlackElo "1687"]
[PlyCount "103"]
[EventDate "2012.??.??"]

1. e4 c5 2. Nf3 Nc6 3. Nc3 e5 4. Bc4 Be7 5. d3 d6 6. Nd2 Nf6 7. Nf1 Bg4 8. f3
Be6 9. Ne3 O-O 10. O-O Nh5 11. Ncd5 Bg5 12. g3 Bxe3+ 13. Bxe3 Ne7 14. Bg5 Bxd5
15. Bxd5 h6 16. Bxe7 Qxe7 17. f4 Nf6 18. Bc4 Rad8 19. Qf3 a6 20. a3 Qd7 21. Bb3
Qc8 22. Rf2 Qd7 23. Rd1 Qc8 24. c3 Qc6 25. Re2 Qc7 26. Rf1 Qc8 27. Kg2 b6 28.
h3 b5 29. Qf2 Qc7 30. g4 c4 31. dxc4 bxc4 32. Bc2 Qc5 33. Rd1 Qc7 34. Qf3 Qc6
35. Red2 Qc7 36. f5 Qc6 37. h4 Nh7 38. Qe3 f6 39. b4 Rf7 40. Rd5 Rfd7 41. Qe2
Kf8 42. Qe3 Ke7 43. Ra5 Rb7 44. Kf3 Rb6 45. Qd2 Rdb8 46. Ba4 Qc7 47. Qd5 Qc8
48. Qd2 Qb7 49. Rd5 Qc7 50. Bc2 R8b7 51. a4 Rb8 52. a5 1-0